Statistics for Songs from the First Line(s) - 2015

Click here to take the quiz!

General Stats

  • This quiz has been taken 20 times
  • The average score is 17 of 30

Answer Stats

HintAnswer% Correct
SongsHello, it's me / I was wondering if after all these years you'd like to meet / To go over everythingArtist(s)Adele
100%
SongsHello, it's me / I was wondering if after all these years you'd like to meet / To go over everythingSongHello
100%
SongsOnce I was seven years old, my mama told me / "Go make yourself some friends or you'll be lonely"Song7 Years
94%
SongsYou used to call me on my cell phone / Late-night when you need my love / Call me on my cell phoneArtist(s)Drake
88%
SongsYou used to call me on my cell phone / Late-night when you need my love / Call me on my cell phoneSongHotline Bling
88%
SongsIt's been a long day without you, my friend / And I'll tell you all about it when I see you again / We've come a long way from where we beganSongSee You Again
88%
SongsIt's been a long day without you, my friend / And I'll tell you all about it when I see you again / We've come a long way from where we beganArtist(s)Wiz Khalifa / Charlie Puth
88%
SongsOnce I was seven years old, my mama told me / "Go make yourself some friends or you'll be lonely"Artist(s)Lukas Graham
81%
SongsAnd I know she'll be the death of me / At least, we'll both be numb / And she'll always get the best of meSongCan't Feel My Face
69%
SongsDo you recall, not long ago / We would walk on the sidewalk / Innocent, remember? / All we did was care for each otherSongLean On
69%
SongsAnd I know she'll be the death of me / At least, we'll both be numb / And she'll always get the best of meArtist(s)The Weeknd
69%
SongsYou gotta go and get angry at all of my honesty / You know I try, but I don't do too well with apologiesArtist(s)Justin Bieber
56%
SongsDo you recall, not long ago / We would walk on the sidewalk / Innocent, remember? / All we did was care for each otherArtist(s)Major Lazer / DJ Snake / MØ
56%
SongsYou gotta go and get angry at all of my honesty / You know I try, but I don't do too well with apologiesSongSorry
56%
SongsI wish I found some better sounds no one's ever heard / I wish I had a better voice that sang some better wordsSongStressed Out
56%
SongsI wish I found some better sounds no one's ever heard / I wish I had a better voice that sang some better wordsArtist(s)Twenty One Pilots
56%
SongsLoving can hurt / Loving can hurt sometimes / But it's the only thing that I know / When it gets hardArtist(s)Ed Sheeran
50%
SongsIf I got locked away, / And we lost it all today, / Tell me honestly, / Would you still love me the same?SongLocked Away
50%
SongsI thought that I'd been hurt before / But no one's ever left me quite this sore / Your words cut deeper than a knifeArtist(s)Shawn Mendes
50%
SongsI thought that I'd been hurt before / But no one's ever left me quite this sore / Your words cut deeper than a knifeSongStitches
50%
SongsLike a small boat / On the ocean / Sending big waves / Into motion / Like how a single word / Can make a heart openSongFight Song
44%
SongsIt's too hard to sleep / I got the sheets on the floor, nothing on me / And I can't take it no more, it's a hundred degreesArtist(s)Jason Derulo
44%
SongsLoving can hurt / Loving can hurt sometimes / But it's the only thing that I know / When it gets hardSongPhotograph
44%
SongsIf I got locked away, / And we lost it all today, / Tell me honestly, / Would you still love me the same?Artist(s)R. City / Adam Levine
44%
SongsBe my woman, girl, I'll be your man / Be my woman, girl, I'll be your man / Yes I'll be your woman / Yes I'll be your babyArtist(s)David Guetta / Nicki Minaj / Bebe Rexha / Afrojack
38%
SongsIt's too hard to sleep / I got the sheets on the floor, nothing on me / And I can't take it no more, it's a hundred degreesSongWant To Want Me
38%
SongsBe my woman, girl, I'll be your man / Be my woman, girl, I'll be your man / Yes I'll be your woman / Yes I'll be your babySongHey Mama
25%
SongsLike a small boat / On the ocean / Sending big waves / Into motion / Like how a single word / Can make a heart openArtist(s)Rachel Platten
19%
SongsRun away-ay with me / Lost souls in revelry / Running wild and running free / Two kids, you and meSongRenegades
19%
SongsRun away-ay with me / Lost souls in revelry / Running wild and running free / Two kids, you and meArtist(s)X Ambassadors
19%

Score Distribution

Percentile by Number Answered

Percent of People with Each Score

Your Score History

You have not taken this quiz